| 000 | 00822nam a22002057a 4500 | ||
|---|---|---|---|
| 003 | BD-DhUL | ||
| 005 | 20160918171331.0 | ||
| 008 | 160908s1996 bg ||||| |||| 00| 0 ben | ||
| 020 | _a9789848765036 | ||
| 040 |
_aBD-DhUL _cBD-DhUL |
||
| 082 |
_a954.92 _bHUS |
||
| 100 | 1 | _aহক, মুহাম্মদ শামসুল | |
| 245 |
_aস্বাধীনতার ঘোষক বঙ্গবন্ধু প্রামান্য দলিল / _cমুহাম্মদ শামসুল হক |
||
| 260 |
_aঢাকা : _bআগামী প্রকাশন, _c১৯৯৬. |
||
| 300 |
_a৫২ পৃ. ; _c ২০ সেমি. |
||
| 651 | 0 |
_aবাংলাদেশ _xইতিহাস |
|
| 651 | 0 |
_aBangladesh _xHistory |
|
| 700 | _aহাশেমী, সৈয়দ | ||
| 942 |
_2ddc _cBK |
||
| 999 |
_c104960 _d104960 |
||